| 000 | 00461nam a2200181Ia 4500 | ||
|---|---|---|---|
| 005 | 20250508151756.0 | ||
| 008 | 008 250505s9999 xx 000 0 hin d | ||
| 037 | _aTextual | ||
| 040 |
_aFEDL _beng _cFEDL |
||
| 041 |
_ahin _2eng |
||
| 084 |
_aB, RAM _qFEDL |
||
| 100 | _aRamswaroop | ||
| 245 | 0 | _aMahapursho ke darshan | |
| 260 |
_aDelhi, India _bSarda Mandir _c1950 |
||
| 300 | _a218p. | ||
| 942 |
_cTEXL _hB, RAM |
||
| 999 |
_c1332080 _d1332080 |
||